[Event "Recco op 6th"]
[Site "Recco"]
[Date "2012.10.27"]
[Round "2"]
[White "Mirata, Danilo"]
[Black "Laketic, Gojko"]
[Result "0-1"]
[WhiteElo "1901"]
[BlackElo "2435"]
[PlyCount "45"]
[EventDate "2012.10.26"]
[EventType "swiss"]
[EventRounds "5"]
[EventCountry "ITA"]
[SourceTitle "EXT 2014"]
[Source "ChessBase"]
[SourceDate "2013.11.20"]
[SourceVersion "1"]
[SourceVersionDate "2013.11.20"]
[SourceQuality "1"]

1. d4 Nf6 2. c4 e6 3. Nc3 Bb4 4. Qc2 c5 5. Nf3 cxd4 6. Nxd4 Nc6 7. e3 0-0 8. a3 Be7 9. g3 d5 10. Nxc6 bxc6 11. cxd5 cxd5 12. Be2 Bb7 13. 0-0 Qc7 14. Bd2 Rfc8 15. Rfc1 Qb6 16. Qd3 Bc6 17. b4 a6 18. Bd1 Nd7 19. Rab1 Ne5 20. Qe2 d4 21. Na4 Qb7 22. f4 Nf3+ 23. Kf1 0-1

[Event "Feffernitz Raika op 21st"]
[Site "Feffernitz"]
[Date "2012.08.19"]
[Round "2"]
[White "Praznik, Anton"]
[Black "Mirata, Danilo"]
[Result "1-0"]
[WhiteElo "2138"]
[BlackElo "1897"]
[PlyCount "113"]
[EventDate "2012.08.19"]
[EventType "swiss"]
[EventRounds "9"]
[EventCountry "AUT"]
[SourceTitle "CBM 150 Extra"]
[Source "ChessBase"]
[SourceDate "2012.10.19"]
[SourceVersion "1"]
[SourceVersionDate "2012.10.19"]
[SourceQuality "1"]

1. e4 e6 2. d4 d5 3. Nc3 Nf6 4. e5 Nfd7 5. Nf3 c5 6. dxc5 Bxc5 7. Bd3 a6 8. 0-0 Nc6 9. Bf4 Be7 10. Re1 Nf8 11. Bg3 Ng6 12. a3 Bd7 13. Ne2 Rc8 14. c3 0-0 15. Ned4 Nxd4 16. Nxd4 Bh4 17. Qh5 Bxg3 18. hxg3 Re8 19. Re3 Nf8 20. f4 g6 21. Qh6 f5 22. g4 Qe7 23. Rg3 Kh8 24. Kf2 Rc7 25. Rh1 Qf7 26. gxf5 exf5 27. Rgh3 Be6 28. Nf3 Qg7 29. Nd4 Qf7 30. Nf3 Qg7 31. Qxg7+ Rxg7 32. Ke3 Kg8 33. Rg3 Rc8 34. Nd4 Rcc7 35. Bc2 Rcd7 36. Bb3 Rd8 37. Rd1 Rgd7 38. Ba4 Rc7 39. Bc2 Rg7 40. Kf2 Kh8 41. Bb3 Rgd7 42. Rgd3 Bf7 43. g3 Kg7 44. Ke3 Rc7 45. R1d2 Rcd7 46. Bd1 Bg8 47. Bf3 h5 48. Nc2 Ne6 49. Rxd5 Rxd5 50. Rxd5 Rxd5 51. Bxd5 Nc5 52. Bf3 b6 53. b4 Na4 54. Kd4 Nb2 55. Ne3 Be6 56. c4 Kf7 57. Bc6 1-0

[Event "Feffernitz Raika op 20th"]
[Site "Feffernitz"]
[Date "2011.08.26"]
[Round "7"]
[White "Mitter, Gerd"]
[Black "Mirata, Danilo"]
[Result "1-0"]
[WhiteElo "2227"]
[BlackElo "1830"]
[PlyCount "47"]
[EventDate "2011.08.21"]
[EventType "swiss"]
[EventRounds "9"]
[EventCountry "AUT"]
[SourceTitle "CBM 144 Extra"]
[Source "ChessBase"]
[SourceDate "2011.10.28"]
[SourceVersion "1"]
[SourceVersionDate "2011.10.28"]
[SourceQuality "1"]

1. Nf3 Nf6 2. g3 g6 3. Bg2 Bg7 4. c4 0-0 5. Nc3 d6 6. 0-0 e5 7. d3 Nc6 8. Rb1 a5 9. a3 Nd4 10. b4 axb4 11. axb4 c6 12. b5 Nxf3+ 13. Bxf3 d5 14. Bg5 Be6 15. bxc6 bxc6 16. cxd5 cxd5 17. Qd2 Rc8 18. Rfc1 Qa5 19. Nxd5 Qxd2 20. Ne7+ Kh8 21. Bxd2 Rcd8 22. Nc6 Rd6 23. Bb4 Rxc6 24. Bxc6 1-0

[Event "Recco op-B 4th"]
[Site "Recco"]
[Date "2010.11.27"]
[Round "2"]
[White "Pedemonte, Claudio"]
[Black "Mirata, Danilo"]
[Result "1/2-1/2"]
[WhiteElo "1834"]
[BlackElo "1770"]
[PlyCount "91"]
[EventDate "2010.11.26"]
[EventType "swiss"]
[EventRounds "5"]
[EventCountry "ITA"]
[SourceTitle "EXT 2023"]
[Source "ChessBase"]
[SourceDate "2022.10.05"]
[SourceVersion "1"]
[SourceVersionDate "2022.10.05"]
[SourceQuality "1"]

1. c4 e5 2. g3 Nc6 3. Bg2 g6 4. Nc3 Bg7 5. e4 d6 6. Nge2 Be6 7. d3 Qd7 8. h3 f5 9. Be3 Nf6 10. exf5 Bxf5 11. Qd2 0-0-0 12. 0-0-0 Kb8 13. g4 Be6 14. f4 Rdf8 15. Nd5 Bxd5 16. Bxd5 Nxd5 17. cxd5 Ne7 18. Nc3 exf4 19. Bxf4 Bxc3 20. bxc3 Nxd5 21. Bh6 Re8 22. c4 Nb6 23. Rhf1 Re7 24. Rf2 Rf7 25. Rdf1 Rxf2 26. Rxf2 Re8 27. Be3 Qg7 28. Kb1 Rf8 29. Bd4 Rxf2 30. Qxf2 Qe7 31. Kb2 c5 32. Bc3 Na4+ 33. Kc2 Nxc3 34. Kxc3 a6 35. a4 Qc7 36. Qa2 Qa5+ 37. Kc2 Qe1 38. Qb3 Qb4 39. Qxb4 cxb4 40. a5 b6 41. axb6 Kb7 42. Kb2 b3 43. g5 Kxb6 44. d4 Kc6 45. Ka3 Kb6 46. Kb2 1/2-1/2

[Event "Savona Province-ch"]
[Site "Savona"]
[Date "2010.02.13"]
[Round "3"]
[White "Mirata, Danilo"]
[Black "Rosa, Lorenzo"]
[Result "0-1"]
[WhiteElo "1789"]
[BlackElo "1446"]
[PlyCount "72"]
[EventDate "2010.02.12"]
[EventType "swiss"]
[EventRounds "5"]
[EventCountry "ITA"]
[SourceTitle "EXT 2024"]
[Source "ChessBase"]
[SourceDate "2023.10.10"]
[SourceVersion "1"]
[SourceVersionDate "2023.10.10"]
[SourceQuality "1"]

1. d4 d5 2. c4 Nf6 3. Nc3 e6 4. Bg5 c6 5. e3 Bb4 6. cxd5 Qxd5 7. Bxf6 gxf6 8. Nf3 b5 9. Nd2 Bxc3 10. bxc3 Nd7 11. Qf3 Qxf3 12. Nxf3 Bb7 13. g3 c5 14. Bg2 cxd4 15. cxd4 Rc8 16. 0-0 Ba6 17. Rfc1 0-0 18. Nd2 f5 19. Nb3 b4 20. Nc5 Nxc5 21. Rxc5 Bd3 22. Rac1 Rb8 23. Bf1 Be4 24. Bg2 Bxg2 25. Kxg2 Rb6 26. Ra5 a6 27. Rc7 Ra8 28. Rd7 Rb5 29. Ra4 a5 30. Rc7 Kg7 31. Rc5 Rxc5 32. dxc5 Kf6 33. f4 Ke7 34. Kf2 Kd7 35. Ke2 Kc6 36. a3 Kb5 0-1